Elementos de ética judicial/ (Registro nro. 9710)

Detalles MARC
000 -LEADER
fixed length control field 00755nam a2200205Ia 4500
005 - FECHA Y HORA DE LA ÚLTIMA TRANSACCIÓN
control field 20231011171645.0
008 - FIXED-LENGTH DATA ELEMENTS--GENERAL INFORMATION
fixed length control field 231011s9999 xx 000 0 und d
020 ## - INTERNATIONAL STANDARD BOOK NUMBER
International Standard Book Number 99923-881-0-2
040 ## - CATALOGING SOURCE
Original cataloging agency UPAN
Transcribing agency Biblioteca San Vicente
Description conventions RCAA2
041 ## - LANGUAGE CODE
Language code of text/sound track or separate title spa
082 ## - DEWEY DECIMAL CLASSIFICATION NUMBER
Classification number 172.2
Item number D485e
año de publicación 2006
100 ## - MAIN ENTRY--PERSONAL NAME
Personal name Urbano Castillo, Eduardo De
Relator code aut.
245 #0 - TITLE STATEMENT
Title Elementos de ética judicial/
Statement of responsibility, etc Eduardo de Urbano Castillo
250 ## - EDITION STATEMENT
Edition statement 1ª ed.
260 ## - PUBLICATION, DISTRIBUTION, ETC. (IMPRINT)
Place of publication, distribution, etc El Salvador:
Name of publisher, distributor, etc CNJ,
Date of publication, distribution, etc 2006
300 ## - PHYSICAL DESCRIPTION
Extent 90 p.;
Dimensions 21 cm.
505 ## - FORMATTED CONTENTS NOTE
Formatted contents note Índice, Presentación, I. La Ética II. Ética, Moral y Derecho III. Ética de las profesiones IV Ética judicial I ( Fundamentación) , Ética . Ética judicial II (Aspectos Prácticos
650 ## - SUBJECT ADDED ENTRY--TOPICAL TERM
Source of heading or term LEMB
General subdivision Ética
942 ## - ADDED ENTRY ELEMENTS (KOHA)
Koha item type Libros
Source of classification or shelving scheme Dewey Decimal Classification
Existencias
Withdrawn status Lost status Source of classification or shelving scheme Damaged status Not for loan Collection code Home library Current library Date acquired Total Checkouts Full call number Barcode Date last seen Copy number Price effective from Koha item type
    Dewey Decimal Classification     Referencia Biblioteca UPAN San Vicente Biblioteca UPAN San Vicente 11/10/2023   172.2 D485e 12003611 11/10/2023 01 11/10/2023 Libros
    Dewey Decimal Classification     Referencia Biblioteca UPAN San Vicente Biblioteca UPAN San Vicente 11/10/2023   172.2 D485e 12003612 11/10/2023 02 11/10/2023 Libros